Państwa członkowskie w unii europejskiej - Statystyki

Ogólne statystyki
  • Ten quiz został rozwiązany 46 razy
  • Średni wynik to 14 z 27
Answers on the Grid
Answers color-coded by a green-red scale on the quiz's grid according to % correct below.
Albania
Austria
Belgia
Białoruś
Bosnia
Bułgaria
Chorwacja
Cypr
Czarnogóra
Czechy
Dania
Estonia
Finlandia
Francja
Grecja
Gruzja
Hiszpania
Holandia
Irlandia
Islandia
Kosowo
Liechtenstein
Litwa
Łotwa
Luksemburg
Macedonia północna
Malta
Mołdawia
Niemcy
Norwegia
Polska
Portugalia
Rosja
Rumunia
Serbia
Słowacja
Słowenia
Szwecja
Szwajcaria
Ukraina
Węgry
Wielka Brytania
Włochy
Zambia
 
Statystyki odpowiedzi
Odpowiedź % Poprawnych
Belgia
86%
Austria
76%
Chorwacja
76%
Czechy
76%
Finlandia
76%
Francja
76%
Dania
71%
Hiszpania
71%
Bułgaria
62%
Holandia
62%
Irlandia
62%
Estonia
57%
Grecja
57%
Cypr
48%
Luksemburg
43%
Niemcy
43%
Litwa
38%
Polska
38%
Węgry
38%
Łotwa
33%
Portugalia
33%
Rumunia
29%
Słowenia
29%
Słowacja
24%
Szwecja
24%
Włochy
24%
Malta
19%
Nie znaleziono quizów pasujących do podanych kryteriów
Rozkład punktacji
Procent ludzi z każdym wynikiem
Percentyl według liczby udzielonych odpowiedzi
Twoja historia wyników
Nie rozwiązałeś tego quizu